000 00598nam a2200241Ia 4500
003 0100
008 130303s9999 xx 000 0 und d
040 _cARRUPELIB
050 _aBL51.B547 1969
245 _aPhenomenology of Religion
245 _beight modern descriptions of the essence of religion
260 _aNew York
260 _bHarper & Row
260 _C1969
300 _a245p.
300 _b 23 cm.
650 _aRELIGION
650 _bLaw--Philosophy
650 _cChristianity--Law
650 _dNatural law
700 _aBettis, Joseph Dabney (ed)
942 0 0 _04
999 _c34961
_d34961